000 00510nam a22001937a 4500
003 MPLRDC
005 20220104123838.0
008 210129b ||||| |||| 00| 0 eng d
020 _a957-9592-59-4
082 _a177.3 CAR-2 v.19
100 _aDALE CARNEGIE 原著
245 _a卡内基人缘公式
_c李璞良编译
250 _a九刷
260 _a
_b丝路出版社
_c1993
300 _b
490 _a励志心理. 19
650 _a应用心理学--人际关系
942 _cBK
_o177.3 CAR-2 v.19
999 _c14657
_d14647